Die Sprache der Werbung diplomová práca

Na minha lista:
Detalhes bibliográficos
Autor principal: Lukáčiková, Martina
Autor Corporativo: Fakulta aplikovaných jazykov EU v Bratislave. Katedra jazykovedy a translatológie
Outros Autores: Lišková, Danuša
Formato: Livro
Idioma:alemão
Publicado em: Bratislava 2016
Tags: Adicionar Tag
Sem tags, seja o primeiro a adicionar uma tag!

MARC

LEADER 00000nbm a2200000 4500
001 0217439
005 20170306152242.6
041 0 |a ger 
044 |a SK 
245 1 0 |a Die Sprache der Werbung  |b diplomová práca  |c Martina Lukáčiková ; školiteľ: Danuša Lišková 
264 1 |a Bratislava  |c 2016 
300 |a 80 s. 
100 1 |a Lukáčiková, Martina 
700 1 |a Lišková, Danuša 
710 2 |a Fakulta aplikovaných jazykov EU v Bratislave. Katedra jazykovedy a translatológie